| 000 | 00793nam a22001577a 4500 | ||
|---|---|---|---|
| 003 | OSt | ||
| 005 | 20151009090728.0 | ||
| 008 | 151009b xxu||||| |||| 00| 0 eng d | ||
| 040 | _cRUA | ||
| 082 | _aAVM KHE 2008 B083 Or.1 | ||
| 100 |
_92410 _aKHENG, SOKHON. |
||
| 245 | _aStudy on DM and OM degradation of brachiaria brazantha panicum maxinum and paspal atratum by using the nylon bag technique, ការសិក្សាអំពីកំរិតរលាយនៃម៉ាសស្ងួត និងសារធាតុសរីរាង្គនៃស្មៅbrachiaria brazantha panicum maxinum and paspal atratumដោយប្រើវិធីសាស្ដ្រថង់នីឡុង | ||
| 260 |
_aPhnom Penh _bRUA _c2008 |
||
| 300 |
_a39p. _bill. _c29cm. |
||
| 942 |
_2ddc _cAVM |
||
| 999 |
_c2269 _d2269 |
||